000 00303nam a2200145Ia 4500
100 _aCady /Dorothy
942 _cBK
654 _aComputer
245 _aCNE 3 Short Course
260 _bPrentice Hall
_aNew Delhi
_c1996
082 _a4.65
_bCAD
300 _a811
546 _aENGLISH
999 _c28865
_d28865